Catálogo

El abuso contra los niños : (Registro nro. 20773)

Detalles MARC
000 -LEADER
fixed length control field 01215nam a2200313 a 4500
001 - CONTROL NUMBER
control field 20773
003 - CONTROL NUMBER IDENTIFIER
control field Mx-PuUPA
005 - DATE AND TIME OF LATEST TRANSACTION
control field 20250924145640.0
008 - FIXED-LENGTH DATA ELEMENTS--GENERAL INFORMATION
fixed length control field 140415s1990 000 0 spa d
040 ## - CATALOGING SOURCE
Original cataloging agency Mx-PuUPA
Language of cataloging spa
Transcribing agency Mx-PuUPA
Modifying agency Mx-PuUPA
Description conventions rda
041 0# - LANGUAGE CODE
Language code of text/sound track or separate title spa
130 0# - MAIN ENTRY--UNIFORM TITLE
Uniform title Child abuse. The educational perspective.
245 13 - TITLE STATEMENT
Title El abuso contra los niños :
Remainder of title la perspectiva de los educadores /
Statement of responsibility, etc. Peter Maher, coordinador ; traducción, Zulai Marcela Fuentes Ortega
250 ## - EDITION STATEMENT
Edition statement Primera edición /
Remainder of edition statement en la colección Los Noventa
264 #1 - PRODUCTION, PUBLICATION, DISTRIBUTION, MANUFACTURE, AND COPYRIGHT NOTICE
Place of production, publication, distribution, manufacture México D.F. :
Name of producer, publisher, distributor, manufacturer Editorial Grijalbo,
Date of production, publication, distribution, manufacture, or copyright notice ©1990
300 ## - PHYSICAL DESCRIPTION
Extent 379 páginas ;
Dimensions 21 cm
336 ## - CONTENT TYPE
Fuente rdacontent
Content type term texto
Content type code txt
337 ## - MEDIA TYPE
Source rdamedia
Media type term sin medio
Media type code n
338 ## - CARRIER TYPE
Source rdacarrier
Carrier type term volumen
Carrier type code nc
490 0# - SERIES STATEMENT
Series statement Los Noventa ;
Volume/sequential designation 43
650 #7 - SUBJECT ADDED ENTRY--TOPICAL TERM
Topical term or geographic name entry element Niños con problemas emocionales
Source of heading or term armarc
650 #7 - SUBJECT ADDED ENTRY--TOPICAL TERM
Topical term or geographic name entry element Psicología infantil
Source of heading or term armarc
700 1# - ADDED ENTRY--PERSONAL NAME
Personal name Maher, Peter,
Relator term coordinador
700 1# - ADDED ENTRY--PERSONAL NAME
Personal name Fuentes Ortega, Zulai Marcela,
Relator term traductor
765 0# - ORIGINAL LANGUAGE ENTRY
Title Chil abuse. The Educational Perspective
Place, publisher, and date of publication National Association for Pastoral Care in Education, ©1988
942 ## - ADDED ENTRY ELEMENTS (KOHA)
Source of classification or shelving scheme Dewey Decimal Classification
Koha item type Libro
Classification part 362.76
Item part E3718
Existencias
Withdrawn status Lost status Source of classification or shelving scheme Damaged status Not for loan Collection code Home library Current library Shelving location Date acquired Source of acquisition Total Checkouts Full call number Barcode Date last seen Date last checked out Price effective from Koha item type
    Dewey Decimal Classification     General Biblioteca Karol Wojtyla Biblioteca Karol Wojtyla Sala general 03/12/2013 Compra 3 362.76 E3718 1990 40763 05/01/2026 04/02/2025 03/12/2013 Libro